| 000 | 00988nas a2200253Ia 4500 | ||
|---|---|---|---|
| 001 | R707/G2432 | ||
| 003 | IT-RoPAU | ||
| 008 | 151124c99999999xx |||||||||||| ||und|| | ||
| 040 | _aIT-RoPAU | ||
| 040 | _cIT-RoPAU | ||
| 041 | _aTEDESCO | ||
| 100 |
_aHilpinen Risto _gCodice Aut. SPICS: 5479 |
||
| 210 | _aZEITSCHRIFT FUR SEMIOTIK | ||
| 222 | _aZeitschrift Fur Semiotik | ||
| 245 |
_aZEITSCHRIFT FUR SEMIOTIK, VOL. 21-N.1 (1999) _bUber Die Indexikalitat Der Wahrnehmungsurteile Bei Schlick Und Neurath |
||
| 250 | _a1a ed. | ||
| 260 |
_aTUBINGEN _bSTAUFFENBURG VERLAG _c1999 |
||
| 501 |
_bPaulus - SPICS - Società San Paolo EM (non-commercial uses only) _cCopyright2015 |
||
| 300 | _a13 p. [15-27] | ||
| 362 | _aVOL. 21, N.01 (1999) | ||
| 500 | _aDiscussione Sulla Caratterizzazione della Fiducia di Moritz Schlick Sul Sistema di Proposte Scientifiche nel Contesto Storico del Suo Dibattito con Otto Neurath. | ||
| 650 |
_aSEMIOTICA _vPUBBLICAZIONE PERIODICA |
||
| 942 | _cCR | ||
| 999 |
_c181599 _d181599 |
||